书目信息 |
| 题名: |
长安古道
|
|
| 作者: | 王蓬 著 | |
| 分册: | ||
| 出版信息: | 西安 西安出版社 2020.12 |
|
| 页数: | 292页 | |
| 开本: | 21cm | |
| 丛书名: | 纸上长安 | |
| 单 册: | ||
| 中图分类: | K928.78 | |
| 科图分类: | ||
| 主题词: | ||
| 电子资源: | ||
| ISBN: | 978-7-5541-5151-8 | |
| 000 | 01063nam 2200289 450 | |
| 001 | CAL 0120217127521 | |
| 005 | 20230217093112.0 | |
| 010 | @a978-7-5541-5151-8@dCNY58.00 | |
| 100 | @a20210312d2020 em y0chiy0120 ea | |
| 101 | 0 | @achi |
| 102 | @aCN@b610000 | |
| 105 | @aa a 000yy | |
| 106 | @ar | |
| 200 | 1 | @a长安古道@Achang an gu dao@f王蓬著 |
| 210 | @a西安@c西安出版社@d2020.12 | |
| 215 | @a292页@c彩图@d21cm | |
| 225 | 2 | @a纸上长安@Azhi shang chang an |
| 300 | @a西安市文化产业发展专项资金支持宣传文化事业项目 | |
| 314 | @a王蓬, 国家一级作家二级岗位, 曾任陕西省作协副主席、汉中市文联主席、作协主席。 | |
| 320 | @a有书目 (第290-291页) | |
| 330 | @a本书内容包括: 帝都山河定 ; 周道垂后世 ; 武关通楚天 ; 汉拓西域 ; 黄河越天险 ; 子午道奇谋 ; 陈他道石鼓 ; 路遥知马力 ; 古道多咏叹 ; 洋人说古道 ; 长安与罗马等。 | |
| 410 | 0 | @12001 @a纸上长安 |
| 607 | @a长安 (历史地名)@Achang an ( li shi di ming )@x古道@x研究 | |
| 690 | @aK928.78@v5 | |
| 701 | 0 | @a王蓬@Awang peng@4著 |
| 801 | 0 | @aCN@bBJXHZP@c20230228 |
| 905 | @b1399380-3@dK928.78@e1229@f4 | |
| 长安古道/王蓬著.-西安:西安出版社,2020.12 |
| 292页:彩图;21cm.-(纸上长安) |
| 西安市文化产业发展专项资金支持宣传文化事业项目 |
| ISBN 978-7-5541-5151-8:CNY58.00 |
| 本书内容包括: 帝都山河定 ; 周道垂后世 ; 武关通楚天 ; 汉拓西域 ; 黄河越天险 ; 子午道奇谋 ; 陈他道石鼓 ; 路遥知马力 ; 古道多咏叹 ; 洋人说古道 ; 长安与罗马等。 |
| ● |
| 相关链接 |
|
|
|
|
正题名:长安古道
索取号:K928.78/1229
 
预约/预借
| 序号 | 登录号 | 条形码 | 馆藏地/架位号 | 状态 | 备注 |
| 1 | 1399380 | 213993801 | 第二样本阅览室/ [索取号:K928.78/1229] | 在馆 | |
| 2 | 1399381 | 213993810 | 第二借阅区/ [索取号:K928.78/1229] | 在馆 | |
| 3 | 1399382 | 213993829 | 第二借阅区/ [索取号:K928.78/1229] | 在馆 | |
| 4 | 1399383 | 213993838 | 第二借阅区/ [索取号:K928.78/1229] | 在馆 |